Programmed Statistics: (Record no. 154240)

MARC details
000 -LEADER
fixed length control field 00836nam a22002177a 4500
005 - DATE AND TIME OF LATEST TRANSACTION
control field 20180718154837.0
010 ## - LCCN (DPL NO)
LC control number B-698572
020 ## - INTERNATIONAL STANDARD BOOK NUMBER
International Standard Book Number 9789386070937
Terms of availability 399.00
035 ## - SYSTEM CONTROL NUMBER
System control number B-698572
037 ## - SOURCE OF ACQUISITION
Source of stock number/acquisition R.K. Books
082 ## - DEWEY DECIMAL CLASSIFICATION NUMBER
Edition number Third Edition
Classification number 310
100 ## - MAIN ENTRY--PERSONAL NAME
Personal name Agarwal, B.L.
245 ## - TITLE STATEMENT
Title Programmed Statistics:
Remainder of title Questions-anaswers/
Statement of responsibility, etc B. L. Agarwal
250 ## - EDITION STATEMENT
Edition statement Third Edition
260 ## - PUBLICATION, DISTRIBUTION, ETC. (IMPRINT)
Place of publication, distribution, etc 7/30A Driyaganj New Delhi-110002
Name of publisher, distributor, etc New Age International publishers
Date of publication, distribution, etc 2017
270 ## - ADDRESS
City New Delhi
Postal code 110002
Address R K Books 4215/1 Ansari Road New Delhi-110002
300 ## - PHYSICAL DESCRIPTION
Extent xxix,668 p.
Dimensions 24x18,pbk.
500 ## - GENERAL NOTE
General note Index
942 ## - ADDED ENTRY ELEMENTS (KOHA)
Source of classification or shelving scheme Dewey Decimal Classification
Item type English Books
Edition Third Edition
Classification part 310
Call number suffix Aga
Holdings
Withdrawn status Lost status Materials specified (bound volume or other part) Not for loan Collection code Home library Current library Date acquired Source of acquisition Cost, normal purchase price Full call number Barcode Copy number Cost, replacement price Koha item type
    R.P. Books   Non-fiction Central Library Central Library 18/07/2018 R.K. Books/154/26.06.2018/IN-759/18-19/05.07.18/12.07.2018 399.00 310 AGA B-698572 1 399.00 English Books

© Delhi Public Library
Hit Counter
free hit counter